000 00412cam a22001337a 4500
008 180718b1998 xxu||||| |||| 00| 0 eng d
082 _aA81x54 91/9DP
100 _aCensus of India 1991
245 _aHimachal Pradesh district profile 1991
260 _aDelhi
_bThe Controller of Publications
_c1998
300 _a119+p.
440 _aCensus of India 1991. Himachal Pradesh.
650 _aHimachal Pradesh - Census
999 _c487978
_d487978